| 000 | 00487nam a2200181Ia 4500 | ||
|---|---|---|---|
| 005 | 20250326124621.0 | ||
| 008 | 250326s9999 xx 000 0 und d | ||
| 037 | _aTextbook | ||
| 040 |
_aFMSL _beng _cFMSL |
||
| 041 |
_aeng _2eng |
||
| 084 |
_aX:8obSNI L9;2 _qFMSL |
||
| 100 | _aAnsoff H I | ||
| 245 | 0 |
_aStrategic management _cAnsoff H I |
|
| 260 |
_aLondon _bLondon, Macmillan _c1979 |
||
| 300 | _a236p | ||
| 942 |
_cTB _hX:8obSNI L9;2 |
||
| 999 |
_c1274412 _d1274412 |
||